000 00785nam a2200265Ia 4500
003 OSt
005 20221005093509.0
006 a|||||r|||| 00| 0
007 ta
008 221004b |||||||| |||| 00| 0 eng d
024 _a61018
037 _cTextual
040 _aCRL
_cCRL
_beng
041 _2eng
_aeng
082 _aU8.937, L3
100 _aManing F E
_9618431
245 0 _aOld New Zealand
_b A tale of the good old times and a History of the war in the north told by an old chief of the Nagapuhi tribe
260 _aNew Zealand
_bAvondale Golden
_c1973
300 _a362p.
_ccm.
490 _a(New Zealand classics,1973)
650 _a TRAVEL
650 _aGEOGRAPHY
942 _hU8.937, L3
_cTEXL
_2cc
999 _c1000479
_d1000479